Descent into chaos : (Record no. 593162)
[ view plain ]
| 000 -LEADER | |
|---|---|
| fixed length control field | 01400cam a22003134a 4500 |
| 001 - CONTROL NUMBER | |
| control field | 15149292 |
| 005 - DATE AND TIME OF LATEST TRANSACTION | |
| control field | 20230208120611.0 |
| 008 - FIXED-LENGTH DATA ELEMENTS--GENERAL INFORMATION | |
| fixed length control field | 080122s2008 nyuab b 001 0 eng |
| 010 ## - LIBRARY OF CONGRESS CONTROL NUMBER | |
| LC control number | 2008002949 |
| 020 ## - INTERNATIONAL STANDARD BOOK NUMBER | |
| International Standard Book Number | 9780670019700 (alk. paper) |
| 040 ## - CATALOGING SOURCE | |
| Original cataloging agency | DLC |
| Transcribing agency | DLC |
| Modifying agency | DLC |
| 043 ## - GEOGRAPHIC AREA CODE | |
| Geographic area code | az----- |
| -- | n-us--- |
| -- | a-af--- |
| 050 00 - LIBRARY OF CONGRESS CALL NUMBER | |
| Classification number | DS371.4 |
| Item number | .R37 2008 |
| 082 00 - DEWEY DECIMAL CLASSIFICATION NUMBER | |
| Classification number | 954.53,RAS |
| Edition number | 22 |
| 100 1# - MAIN ENTRY--PERSONAL NAME | |
| Personal name | Rashid, Ahmed. |
| 9 (RLIN) | 90631 |
| 245 10 - TITLE STATEMENT | |
| Title | Descent into chaos : |
| Remainder of title | the United States and the failure of nation building in Pakistan, Afghanistan, and Central Asia / |
| Statement of responsibility, etc. | Ahmed Rashid. |
| 260 ## - PUBLICATION, DISTRIBUTION, ETC. | |
| Place of publication, distribution, etc. | New York : |
| Name of publisher, distributor, etc. | Viking, |
| Date of publication, distribution, etc. | 2008. |
| 300 ## - PHYSICAL DESCRIPTION | |
| Extent | lviii, 484 p. : |
| Other physical details | ill., maps ; |
| Dimensions | 25 cm. |
| 505 ## - FORMATTED CONTENTS NOTE | |
| Formatted contents note | Part I: 9/11 and war (Page-3), Part II: The Politics of the post 9/11 world (Page-109), Part III: The failure of nation building (Page-171), Descent into chaos (Page-265). |
| 650 #0 - SUBJECT ADDED ENTRY--TOPICAL TERM | |
| Topical term or geographic name entry element | Nation-building |
| Geographic subdivision | South Asia. |
| 9 (RLIN) | 108737 |
| 651 #0 - SUBJECT ADDED ENTRY--GEOGRAPHIC NAME | |
| Geographic name | Afghanistan |
| General subdivision | Politics and government |
| Chronological subdivision | 2001- |
| 9 (RLIN) | 5437 |
| 651 #0 - SUBJECT ADDED ENTRY--GEOGRAPHIC NAME | |
| Geographic name | Pakistan |
| General subdivision | Politics and government |
| Chronological subdivision | 1988- |
| 651 #0 - SUBJECT ADDED ENTRY--GEOGRAPHIC NAME | |
| Geographic name | South Asia |
| General subdivision | Relations |
| Geographic subdivision | United States. |
| 9 (RLIN) | 108738 |
| 651 #0 - SUBJECT ADDED ENTRY--GEOGRAPHIC NAME | |
| Geographic name | United States |
| General subdivision | Relations |
| Geographic subdivision | South Asia. |
| 9 (RLIN) | 108739 |
| 856 41 - ELECTRONIC LOCATION AND ACCESS | |
| Materials specified | Table of contents only |
| Uniform Resource Identifier | <a href="http://www.loc.gov/catdir/toc/ecip089/2008002949.html">http://www.loc.gov/catdir/toc/ecip089/2008002949.html</a> |
| 906 ## - LOCAL DATA ELEMENT F, LDF (RLIN) | |
| a | 7 |
| b | cbc |
| c | orignew |
| d | 1 |
| e | ecip |
| f | 20 |
| g | y-gencatlg |
| 942 ## - ADDED ENTRY ELEMENTS (KOHA) | |
| Source of classification or shelving scheme | |
| Koha item type | Book |
| Call number prefix | 954.53,RAS |
| Withdrawn status | Lost status | Source of classification or shelving scheme | Damaged status | Not for loan | Permanent Location | Current Location | Shelving location | Date acquired | Total Checkouts | Full call number | Barcode | Date last seen | Price effective from | Koha item type | Public note |
|---|---|---|---|---|---|---|---|---|---|---|---|---|---|---|---|
| Military College of Signals (MCS) | Military College of Signals (MCS) | General Stacks | 02/08/2023 | 954.53,RAS | MCS37563 | 02/08/2023 | 02/08/2023 | Book | Almirah No. 61, Shelf No. 5 |
